LEADER 01440nam a2200325 u 4500 001 000000114099 003 CaOOAMICUS 005 20081212152026.0 008 081212s2008 vc u000 u ita r 020 $z978-88-209-8080-1* 040 $aPUL$bita$dLDB 100 1 $aAmato, Angelo,$ccard., $d1938-$0(OLS)http://pul/name/1448 245 10$aGesł, identitą del Cristianesimo :$bconoscenza ed esperienza /$cAngelo Amato. 260 $aCittą del Vaticano :$bLibreria editrice vaticana,$c2008. 300 $a472 p. ;$c24 cm 490 1 $aItineraria ;$v02 504 $aBibliografia : p. [419]-451. 650 4$aCristologia.$0(OLS)http://pul/subject/1402 710 2 $aPontificia Academia Theologica.$0(OLS)http://pul/name/70336 830 0$aItineraria ;$v02.$0(OLS)http://pul/title/142931 850 $aPUL 852 $aPUL$W1$xSL Religione 3$y85$m230 COLL 3.2$j130374$qDDC 21$B129446$CPULBib$Z2$F129446 $H108989 $82 910 $aPontificia Accademia Teologica Romana$970336 910 $aPontificia Accademia Teologica Romana$970336 941 1 $a9 960 $aIesus Christus$91402 960 $aIesus Christus$91402 996 $6020$z978-88-209-8080-1*$9(OLS)http://pul/number/139302 996 $6245$aGesł, identitą del Cristianesimo :$bconoscenza ed esperienza$9(OLS)http://pul/title/143380 996 $6260$aCittą del Vaticano :$bLibreria editrice vaticana$9(OLS)http://pul/publisher/47920 LEADER 01391nam a2200325 a 4500 001 000000134156 003 CaOOAMICUS 005 20130530110615.0 008 130530s2013 it u000 u ita r 020 $a978-88-465-0865-2 040 $aPUL$bita 082 04$a230 100 1 $aAsolan, Paolo,$csacerdote,$d1967-$0(OLS)http://pul/name/70710 245 10$aGiona convertito :$bparalipomeni di teologia pastorale /$cPaolo Asolan. 260 $aCittą del Vaticano :$bLateran University Press,$c2013. 300 $a252 p. ;$c24 cm 490 1 $aProspettive ;$v09 504 $aBibliografia in nota. 630 04$aBiblia.$pV.T.$pProphetae minores.$0(OLS)http://pul/subject/17292 650 4$aTeologia pastorale.$0(OLS)http://pul/subject/1301 830 0$aProspettive (Lateran University Press) ;$v09.$0(OLS)http://pul/title/138646 850 $aPUL 852 $aPUL$W1$xSL Religione 3$y85$m230 COLL 2.9$j154237$qDDC 21$q $B153791$CPULBib$Z2$F153791 $H122508 $81 941 1 $a9 960 $aPastorale$91301 996 $6020$a978-88-465-0865-2$9(OLS)http://pul/number/152885 996 $6082$a230$9(OLS)http://pul/classification/368 996 $6245$aGiona convertito :$bparalipomeni di teologia pastorale$9(OLS)http://pul/title/169598 996 $6260$aCittą del Vaticano :$bLateran University Press$9(OLS)http://pul/publisher/74585